[Event "Niederbayernliga 1516"]
[Site "Bayern"]
[Date "2016.01.17"]
[Round "5.7"]
[White "Niedernhuber, Klaus"]
[Black "Klinge, Andreas"]
[Result "0-1"]
[WhiteElo "1205"]
[BlackElo "1733"]
[PlyCount "96"]
[EventDate "2015.10.11"]
[EventType "team-tourn"]
[EventRounds "9"]
[EventCountry "GER"]
[SourceTitle "EXT 2023"]
[Source "ChessBase"]
[SourceDate "2022.10.05"]
[SourceVersion "1"]
[SourceVersionDate "2022.10.05"]
[SourceQuality "1"]
[WhiteTeam "Grafenau"]
[BlackTeam "Rottal II"]
[WhiteTeamCountry "GER"]
[BlackTeamCountry "GER"]

1. d4 d5 2. Nf3 e6 3. e3 f5 4. c4 c6 5. Nc3 Nf6 6. cxd5 cxd5 7. Bb5+ Bd7 8. Bxd7+ Nfxd7 9. 0-0 Nc6 10. Bd2 a6 11. a3 Bd6 12. Rc1 Rc8 13. b4 b5 14. Be1 0-0 15. Nd2 f4 16. Qg4 Qe7 17. Qe2 Nb6 18. Nb3 Nc4 19. Nb1 e5 20. exf4 Rxf4 21. dxe5 N6xe5 22. Qh5 Rcf8 23. Rc3 g6 24. Qd1 Qf7 25. f3 g5 26. Bg3 Rf6 27. Bxe5 Bxe5 28. Rd3 Nb2 29. Qd2 Nxd3 30. Qxd3 g4 31. Qd2 Bf4 32. Qd3 Qe6 33. N1d2 Qe3+ 34. Qxe3 Bxe3+ 35. Kh1 d4 36. Ne4 Rg6 37. Nbd2 Rc6 38. Rd1 gxf3 39. Nxf3 Rc2 40. Nc5 Rf6 41. h3 Rg6 42. g4 Rh6 43. h4 Rf2 44. g5 Rh5 45. Ne4 Rxf3 46. Nf6+ Rxf6 47. gxf6 Rxh4+ 48. Kg2 Kf7 0-1

[Event "Niederbayernliga 1516"]
[Site "Bayern"]
[Date "2015.12.13"]
[Round "4.8"]
[White "Niedernhuber, Klaus"]
[Black "Krause, Karl Heinz"]
[Result "1/2-1/2"]
[WhiteElo "1205"]
[BlackElo "1370"]
[PlyCount "81"]
[EventDate "2015.10.11"]
[EventType "team-tourn"]
[EventRounds "9"]
[EventCountry "GER"]
[SourceTitle "EXT 2023"]
[Source "ChessBase"]
[SourceDate "2022.10.05"]
[SourceVersion "1"]
[SourceVersionDate "2022.10.05"]
[SourceQuality "1"]
[WhiteTeam "Grafenau"]
[BlackTeam "Landau Dingolfing II"]
[WhiteTeamCountry "GER"]
[BlackTeamCountry "GER"]

1. c4 e5 2. Nc3 Nc6 3. e3 Bc5 4. Nf3 Bb4 5. Qc2 Bxc3 6. Qxc3 d6 7. d4 exd4 8. exd4 Qe7+ 9. Be3 Nf6 10. a3 d5 11. Bd3 Bd7 12. 0-0 h6 13. Bf4 0-0 14. Rfe1 Be6 15. Ne5 Rad8 16. Nxc6 bxc6 17. c5 Qd7 18. f3 Bf5 19. Qc2 Bxd3 20. Qxd3 Rfe8 21. Re5 Rxe5 22. Bxe5 Nh7 23. Re1 Re8 24. Qd2 Qe6 25. Kf1 Qc8 26. Qa5 Qf5 27. Qxc7 Qd3+ 28. Kf2 Qd2+ 29. Re2 Qg5 30. Qxc6 Nf6 31. Qd6 Qf5 32. Bxf6 Rxe2+ 33. Kxe2 gxf6 34. c6 Qc2+ 35. Ke3 Qc1+ 36. Kd3 Qc4+ 37. Ke3 Qc1+ 38. Kf2 Qd2+ 39. Kg3 Qg5+ 40. Kf2 Qd2+ 41. Kg3 1/2-1/2